000 00823nam a2200217 a 4500
999 _c11162
_d11162
001 11162
003 BD-JhCC
005 20190808132620.0
008 190604b 2006ii |||| ||a| 000 0 mul d
035 _a(BD-JhCC)
040 _aBD-JhCC
_dBD-JhCC
041 _amul
082 _a020
_bPSC 2006
245 _aপশ্চিমবঙ্গের সাধারণ গ্রন্থাগার সহায়িকা:
_bসরকার আদেশাবলী /
_cসম্পাদক ও অনুবাদক: অরুণাভ দাস ।
260 _aকলকাতা:
_bপ্রভা প্রকাশনী;
_c২০০৬.
300 _a১১৭ পৃঃ . :
_c২১ সেমি.
651 _aLibrary science
700 _aদাস, অরুণাভ
942 _2ddc
_cBK